|
|
|
|
| LEADER |
00000nab a2200000 ar4500 |
| 001 |
vtls010106542 |
| 003 |
SK-MaSNL |
| 005 |
20260426105445.0 |
| 008 |
100615c1985 xo ar|p|||| |000 c|ukr |
| 015 |
|
|
|a SNBRA2010/06
|
| 038 |
|
|
|a SVKPOCL
|
| 040 |
|
|
|a SVKPO
|b slo
|c SVKPO
|e AACR2
|
| 041 |
0 |
|
|a slo
|b ger
|b rus
|
| 044 |
|
|
|a xo
|c SK
|
| 080 |
|
|
|a 80(=161.2)+908(477)
|2 2001
|
| 080 |
|
|
|a 39(=161.2)
|2 2001
|
| 080 |
|
|
|a 633.522
|2 2001
|
| 080 |
|
|
|a (437.6)
|2 2001
|
| 080 |
|
|
|a (048.8)
|2 2001
|
| 100 |
1 |
|
|a Šípková, Želmíra,
|d 1953-
|4 aut
|9 443648
|
| 245 |
1 |
0 |
|a Pestovanie textilných rastlín a proces výroby nití v oblasti hornej Cirochy
|c Želmíra Šípková
|
| 300 |
|
|
|b Fotogr.
|
| 504 |
|
|
|a Bibl. odkazy
|
| 546 |
|
|
|a Res. nem., rus.
|
| 648 |
|
7 |
|a 19.-20. stor.
|2 snkbucl
|9 268609
|
| 650 |
0 |
7 |
|a ukrajinistika
|2 svkpocl
|9 51200
|
| 650 |
0 |
7 |
|a etnografia
|2 svkpocl
|9 950
|
| 650 |
0 |
7 |
|a Ukrajinci
|2 svkpocl
|9 19025
|
| 650 |
0 |
7 |
|a Rusíni
|2 svkpocl
|9 4087
|
| 650 |
0 |
7 |
|a textilné rastliny
|2 svkpocl
|9 106293
|
| 650 |
0 |
7 |
|a konope
|2 svkpocl
|9 1555
|
| 650 |
0 |
7 |
|a ľan
|2 svkpocl
|9 23982
|
| 650 |
0 |
7 |
|a výroba nití
|2 svkpocl
|9 1624960
|
| 650 |
0 |
7 |
|a horné toky
|2 SNKPH
|9 183955
|
| 651 |
|
7 |
|a Slovensko východné
|2 svkpocl
|9 161134
|
| 651 |
|
7 |
|a Starina (Snina, Slovensko : zaniknutá obec)
|2 SNKPHgeo
|9 157546
|
| 651 |
|
7 |
|a Cirocha (Slovensko : rieka)
|2 snkbucl
|9 51638
|
| 655 |
|
7 |
|a štúdie
|2 svkpocl
|9 57033
|
| 773 |
0 |
|
|t Naukovyj zbirnyk Muzeju ukrajins'koji kul'tury u Svydnyku. 12. = Vedecký zborník Múzea ukrajinskej kultúry vo Svidníku. 12
|d Prešov : Slovenské pedagogické nakladateľstvo - odbor ukrajinskej literatúry, 1985
|g S. 437-456
|
| 852 |
|
|
|a a SVKPO
|b KIS3GCP
|
| 958 |
|
|
|a UK
|
| 958 |
|
|
|a SK
|
| 958 |
|
|
|a NB
|
| 999 |
|
|
|c 3351994
|d 3353924
|